000 00758nam a2200193Ia 4500
008 151121s9999||||xx |||||||||||||| ||und||
082 _a832/अश्क
082 _bHNW-27833
100 _aअश्क उपेन्द्रनाथ-अनु। ( वाइल्डर)
245 _aहितचिन्तक
260 _b"नीलाभ प्रकाशन गृह, इलाहाबाद"
260 _c--
300 _a144
600 _aअश्क उपेन्द्रनाथ-अनु। ( वाइल्डर)
630 _aहितचिन्तक
700 _aअश्क उपेन्द्रनाथ-अनु। ( वाइल्डर)
730 _aहितचिन्तक
942 _cBOOK
999 _c1223645
_d1223642